[Event "FIDE TURNIR 2014"]
[Site "Ljubljana"]
[Date "2014.05.07"]
[Round "5.4"]
[White "Kmetic, Val"]
[Black "Tisaj, Domen"]
[Result "1/2-1/2"]
[WhiteElo "1470"]
[BlackElo "1588"]
[PlyCount "51"]
[EventDate "2014.05.07"]

1. e4 c5 2. c3 d5 3. exd5 Qxd5 4. d4 cxd4 5. cxd4 Nc6 6. Be3 e5 7. Nc3 Bb4 8.
Qa4 exd4 9. Qxb4 Nxb4 10. Nxd5 Nxd5 11. Bxd4 Ngf6 12. Bb5+ Bd7 13. Bxd7+ Kxd7
14. Rd1 Rae8+ 15. Ne2 Kd6 16. a3 b6 17. f3 Kc7 18. Kf2 Kb7 19. Nc3 Nxc3 20.
Bxc3 Rd8 21. Rhe1 Rxd1 22. Rxd1 Kc6 23. Re1 Re8 24. Rc1 Kb7 25. Rd1 Kc6 26. Rc1
1/2-1/2

[Event "FIDE TURNIR 2014"]
[Site "Ljubljana"]
[Date "2014.05.07"]
[Round "5.5"]
[White "Bogataj, Tomaz"]
[Black "Unuk, Robert"]
[Result "1-0"]
[WhiteElo "1697"]
[BlackElo "1499"]
[PlyCount "33"]
[EventDate "2014.05.07"]

1. d4 d5 2. e3 Nf6 3. c4 e6 4. Nc3 c5 5. Nf3 Nc6 6. dxc5 Bxc5 7. a3 d4 8. Na4
Bb6 9. Nxb6 Qxb6 10. exd4 O-O 11. Bd3 Rd8 12. c5 Qc7 13. O-O Nxd4 14. Nxd4 Qd7
15. Be3 h6 16. Bb5 Qd5 17. Nf3 1-0

[Event "FIDE TURNIR 2014"]
[Site "Ljubljana"]
[Date "2014.05.07"]
[Round "5.6"]
[White "Siraj, Anej"]
[Black "Kaluza, Dominik"]
[Result "1/2-1/2"]
[WhiteElo "1427"]
[BlackElo "1564"]
[PlyCount "86"]
[EventDate "2014.05.07"]

1. e4 e6 2. d4 Nc6 3. Nc3 d5 4. Nf3 Be7 5. Be3 Nf6 6. Bd3 dxe4 7. Nxe4 a6 8.
O-O Nb4 9. Nxf6+ Bxf6 10. c3 Nxd3 11. Qxd3 O-O 12. Rad1 Bd7 13. Rfe1 Re8 14. c4
h6 15. b3 b5 16. c5 Bc6 17. Qe2 Qd5 18. Qf1 Qf5 19. Qe2 Rad8 20. Kh1 Qg4 21.
Rg1 e5 22. dxe5 Bxe5 23. h3 Qh5 24. Rde1 Bf4 25. Rd1 Rc8 26. Rd3 Bg5 27. Qd1
Re5 28. Kh2 Bxf3 29. Qxf3 Qxf3 30. gxf3 Bxe3 31. fxe3 Rxc5 32. Rg2 Re8 33. e4
Ree5 34. Re3 Re6 35. f4 Rec6 36. Reg3 g6 37. a3 Rc3 38. h4 Rxg3 39. Rxg3 Rc2+
40. Rg2 Rc3 41. Rg3 Rc2+ 42. Rg2 Rc3 43. Rg3 Rc2+ 1/2-1/2

[Event "FIDE TURNIR 2014"]
[Site "Ljubljana"]
[Date "2014.05.07"]
[Round "5.7"]
[White "Mlacnik, Janez"]
[Black "Jelen, Miha"]
[Result "1-0"]
[WhiteElo "1866"]
[BlackElo "1533"]
[PlyCount "77"]
[EventDate "2014.05.07"]

1. e4 e5 2. f4 d6 3. Nf3 Nc6 4. Bc4 h6 5. fxe5 dxe5 6. O-O Bc5+ 7. Kh1 Nf6 8.
Nc3 O-O 9. d3 Bg4 10. h3 Bh5 11. Nd5 Nxd5 12. exd5 Nd4 13. g4 Bg6 14. Nxd4 exd4
15. Qf3 Qh4 16. Bd2 Rae8 17. Rae1 Bd6 18. Bb5 Rxe1 19. Bxe1 Qg5 20. Bf2 Qe5 21.
Bg1 c6 22. Bc4 b5 23. Bb3 c5 24. Rf2 Re8 25. Bh2 Qe1+ 26. Rf1 Qe7 27. Bxd6 Qxd6
28. Qf4 Qxf4 29. Rxf4 Re2 30. d6 Kf8 31. h4 h5 32. gxh5 Bxh5 33. Rf5 Bg4 34.
Rxf7+ Ke8 35. Rxg7 Bf3+ 36. Kg1 c4 37. dxc4 bxc4 38. Bxc4 Rxc2 39. Be6 1-0

[Event "FIDE TURNIR 2014"]
[Site "Ljubljana"]
[Date "2014.05.07"]
[Round "5.8"]
[White "Markosek, Maj"]
[Black "Trplan, Filip"]
[Result "1-0"]
[WhiteElo "1702"]
[BlackElo "1243"]
[PlyCount "49"]
[EventDate "2014.05.07"]

1. d4 d5 2. c4 c6 3. Nf3 Nf6 4. Nc3 dxc4 5. a4 Bg4 6. Ne5 Nbd7 7. Nxg4 Nxg4 8.
e3 Ngf6 9. Bxc4 e6 10. O-O Bb4 11. Qe2 Bxc3 12. bxc3 O-O 13. e4 Qa5 14. Ba3
Rfc8 15. Bb4 Qd8 16. Ba3 b5 17. Bd3 bxa4 18. Bd6 c5 19. Ba6 Rc6 20. Bb7 Rxd6
21. Bxa8 Qxa8 22. e5 Rd5 23. exf6 Nxf6 24. Rxa4 Rg5 25. f3 1-0

[Event "FIDE TURNIR 2014"]
[Site "Ljubljana"]
[Date "2014.05.07"]
[Round "5.9"]
[White "Pridigar, Lovro"]
[Black "Koderman, Maj"]
[Result "1-0"]
[WhiteElo "1660"]
[BlackElo "1500"]
[PlyCount "43"]
[EventDate "2014.05.07"]

1. d4 d5 2. Nf3 Nc6 3. e3 Bf5 4. Bb5 Nf6 5. Ne5 Qd6 6. O-O a6 7. Bd3 Bg6 8. f4
e6 9. b3 Be7 10. Bb2 Rf8 11. a4 O-O-O 12. Ba3 Nb4 13. c3 Bxd3 14. Nxd3 a5 15.
cxb4 axb4 16. Bxb4 Qd7 17. Ne5 Qe8 18. Qe1 Bd6 19. Bxd6 Rxd6 20. Na3 Rb6 21.
Rc1 c6 22. Qa5 1-0

[Event "FIDE TURNIR 2014"]
[Site "Ljubljana"]
[Date "2014.05.07"]
[Round "5.10"]
[White "Jereb, Lana"]
[Black "Jovanovski, Vangel"]
[Result "0-1"]
[WhiteElo "1506"]
[BlackElo "1668"]
[PlyCount "42"]
[EventDate "2014.05.07"]

1. e4 d5 2. exd5 Qxd5 3. Nc3 Qa5 4. Nf3 c6 5. d4 Bf5 6. Bd3 Bg4 7. h3 Bh5 8.
O-O Nd7 9. Re1 O-O-O 10. a3 Ngf6 11. b4 Qc7 12. Ne4 Nb6 13. Nxf6 gxf6 14. c3 e6
15. a4 Bd6 16. Be2 Nd5 17. Qc2 Rdg8 18. Kh1 Bf4 19. Bxf4 Nxf4 20. a5 Rxg2 21.
Nh4 Rxf2 0-1

[Event "FIDE TURNIR 2014"]
[Site "Ljubljana"]
[Date "2014.05.20"]
[Round "5.11"]
[White "Lavrih, Domen"]
[Black "Mlakar, Matej"]
[Result "1-0"]
[WhiteElo "1439"]
[BlackElo "1500"]
[PlyCount "79"]
[EventDate "2014.05.07"]

1. e4 e5 2. Nf3 Nc6 3. Nc3 Nf6 4. d4 exd4 5. Nd5 Be7 6. Bc4 O-O 7. O-O d6 8.
Nxd4 Ne5 9. Bb3 Be6 10. Nxf6+ Bxf6 11. Bxe6 c5 12. Nb5 fxe6 13. Qxd6 Qxd6 14.
Nxd6 b6 15. Nb5 Rfc8 16. Rd1 Rc6 17. Bf4 Nf7 18. Rab1 e5 19. Be3 a6 20. Nc3 Nd6
21. f3 Nc4 22. Bf2 Kf7 23. Rd3 Ke6 24. b3 Na5 25. Rbd1 Be7 26. Nd5 Bd6 27. Ne3
g6 28. Be1 Nb7 29. Bg3 h5 30. Rd5 Rc7 31. Nc4 Rc6 32. Nxe5 Bxe5 33. Rxe5+ Kf6
34. Rdd5 Nd6 35. Bh4+ Kg7 36. Re6 Ra7 37. Rdxd6 Rxd6 38. Rxd6 Rb7 39. e5 Rf7
40. e6 1-0

[Event "FIDE TURNIR 2014"]
[Site "Ljubljana"]
[Date "2014.05.07"]
[Round "5.12"]
[White "Vujic, Nikola"]
[Black "Subelj, Jan"]
[Result "0-1"]
[WhiteElo "1500"]
[BlackElo "1611"]
[PlyCount "50"]
[EventDate "2014.05.07"]

1. d4 d5 2. Nc3 Nf6 3. Bf4 c6 4. Nf3 Nbd7 5. e3 e6 6. a3 a6 7. Ne5 c5 8. Qf3
cxd4 9. exd4 Qb6 10. O-O-O Be7 11. g4 h6 12. h4 Nxe5 13. Bxe5 Bd7 14. g5 hxg5
15. hxg5 Rxh1 16. Qxh1 Ng8 17. Qh8 O-O-O 18. Qxg7 Qa5 19. Bd3 Bxa3 20. bxa3
Qxc3 21. Qxf7 Qxa3+ 22. Kd2 Rf8 23. Qg7 Rxf2+ 24. Ke1 Rf8 25. Bh7 Qe3# 0-1

[Event "FIDE TURNIR 2014"]
[Site "Ljubljana"]
[Date "2014.05.07"]
[Round "5.13"]
[White "Jersic, Aleks"]
[Black "Malkoc, Tilen"]
[Result "0-1"]
[WhiteElo "1538"]
[BlackElo "1410"]
[PlyCount "42"]
[EventDate "2014.05.07"]

1. e4 e6 2. d4 d5 3. e5 c5 4. Nf3 Nc6 5. Be3 Qb6 6. b3 cxd4 7. Nxd4 Bc5 8. c3
Nxe5 9. b4 Bf8 10. Nb5 Qd8 11. Nxa7 Nc6 12. Bb5 Bd7 13. Nxc6 Bxc6 14. Bxc6+
bxc6 15. Nd2 Nf6 16. O-O Bd6 17. f4 O-O 18. g4 Nd7 19. g5 Qe7 20. h4 f6 21. a4
h5 {nejasno (25)} 0-1

[Event "FIDE TURNIR 2014"]
[Site "Ljubljana"]
[Date "2014.05.07"]
[Round "5.14"]
[White "Vertacnik, Viktor"]
[Black "Piciga, Aleksander"]
[Result "1/2-1/2"]
[WhiteElo "1600"]
[BlackElo "1392"]
[PlyCount "35"]
[EventDate "2014.05.07"]

1. e4 e6 2. d4 d5 3. e5 c5 4. c3 Nc6 5. Nf3 Qb6 6. a3 cxd4 7. cxd4 Nge7 8. Bd3
Bd7 9. Bc2 Nf5 10. Bxf5 exf5 11. Nc3 Be6 12. b4 Be7 13. Bb2 Rc8 14. Rc1 O-O 15.
O-O Rc7 16. Na4 Qb5 17. Nc5 Bxc5 18. Rxc5 1/2-1/2

[Event "FIDE TURNIR 2014"]
[Site "Ljubljana"]
[Date "2014.05.07"]
[Round "5.15"]
[White "Malkoc, Patrik"]
[Black "Paternoster, Darja"]
[Result "1-0"]
[WhiteElo "1189"]
[BlackElo "1513"]
[PlyCount "75"]
[EventDate "2014.05.07"]

1. d4 d5 2. c4 e6 3. Nc3 Nf6 4. Bg5 Be7 5. Nf3 Nc6 6. e3 O-O 7. cxd5 exd5 8.
Bxf6 Bxf6 9. Qb3 Be6 10. Qxb7 Qd7 11. Bb5 Rab8 12. Qxc6 Qxc6 13. Bxc6 Rfd8 14.
b3 Rd6 15. Ba4 a6 16. O-O Bg4 17. Ne5 Bf5 18. Rac1 Rc8 19. Ne2 Be7 20. Ng3 Be6
21. Rc6 f6 22. Rxd6 Bxd6 23. Nd3 Rf8 24. Nc5 a5 25. Nxe6 Rf7 26. Nf5 Bb4 27.
Rc1 Ba3 28. Rc2 h6 29. Nexg7 Be7 30. Rxc7 Bf8 31. Nxh6+ Kh7 32. Rxf7 Bxg7 33.
Nf5 Kg6 34. Rxg7+ Kxf5 35. Bd7+ Ke4 36. Kf1 f5 37. Ke2 f4 38. Re7# 1-0

[Event "FIDE TURNIR 2014"]
[Site "Ljubljana"]
[Date "2014.05.07"]
[Round "5.16"]
[White "Kozarski, Aleksander"]
[Black "Mazzini, Katarina"]
[Result "0-1"]
[WhiteElo "1557"]
[BlackElo "1213"]
[PlyCount "60"]
[EventDate "2014.05.07"]

1. e4 c6 2. f4 d5 3. e5 Bf5 4. d3 h5 5. Nf3 e6 6. Be3 Bg4 7. Be2 Ne7 8. O-O Nf5
9. Qd2 Bxf3 10. Rxf3 d4 11. Bf2 Bc5 12. a4 Qb6 13. Na3 Qxb2 14. Rb1 Qxa3 15.
Rxb7 Bb6 16. Rh3 g6 17. g4 Ng7 18. gxh5 gxh5 19. f5 Nd7 20. fxe6 Nxe6 21. Bxh5
O-O-O 22. Rxb6 axb6 23. Bxf7 Rxh3 24. Bxe6 Rhh8 25. Bxd4 c5 26. Bf2 Qxa4 27. d4
Rhe8 28. Bg4 Kc7 29. c3 Rg8 30. Qf4 Qa1+ 0-1

[Event "FIDE TURNIR 2014"]
[Site "Ljubljana"]
[Date "2014.06.02"]
[Round "5.17"]
[White "Vah, Denis"]
[Black "More, Erlend"]
[Result "0-1"]
[WhiteElo "1500"]
[BlackElo "1693"]
[PlyCount "82"]
[EventDate "2014.05.07"]

1. e4 Nf6 2. e5 Nd5 3. d4 d6 4. c4 Nb6 5. f4 dxe5 6. fxe5 Nc6 7. Nf3 Bg4 8. Be3
e6 9. a3 Be7 10. Be2 Bxf3 11. gxf3 Bh4+ 12. Kf1 f6 13. f4 fxe5 14. dxe5 Qxd1+
15. Bxd1 O-O-O 16. Be2 Nd4 17. Bf2 Bxf2 18. Kxf2 Nxe2 19. Kxe2 Nxc4 20. b3 Nb6
21. Nc3 Nd5 22. Nxd5 Rxd5 23. Rad1 Rhd8 24. Rxd5 Rxd5 25. Rg1 g6 26. Ke3 c5 27.
Rc1 Kc7 28. b4 Kc6 29. a4 a6 30. h4 b5 31. a5 c4 32. Kf2 Rd3 33. Kg2 Kd5 34.
Re1 Kd4 35. Rb1 Kc3 36. Re1 Kxb4 37. Rb1+ Kxa5 38. Ra1+ Kb6 39. f5 gxf5 40. h5
c3 41. Rc1 b4 0-1

[Event "FIDE TURNIR 2014"]
[Site "Ljubljana"]
[Date "2014.05.07"]
[Round "5.18"]
[White "Varga, Ivan"]
[Black "Novak, Anze"]
[Result "0-1"]
[WhiteElo "1461"]
[BlackElo "1677"]
[PlyCount "52"]
[EventDate "2014.05.07"]

1. Nf3 c6 2. c4 d5 3. d4 Nf6 4. e3 g6 5. Nc3 Bg7 6. Bd2 O-O 7. h4 Nbd7 8. g4
Nxg4 9. h5 e5 10. e4 exd4 11. Nxd4 Bxd4 12. Qxg4 Ne5 13. Qg2 Nxc4 14. O-O-O
Nxd2 15. Rxd2 Bxc3 16. bxc3 Qf6 17. Kb2 dxe4 18. hxg6 fxg6 19. Qxe4 Bf5 20.
Bc4+ Kh8 21. Qg2 Rad8 22. Re2 Rfe8 23. Qh2 Rxe2+ 24. Kb3 Bc2+ 25. Kb4 Qe7+ 26.
Ka5 Qa3# 0-1

[Event "FIDE TURNIR 2014"]
[Site "Ljubljana"]
[Date "2014.06.02"]
[Round "5.19"]
[White "Kmetic, Andrej"]
[Black "Straze, Matija"]
[Result "0-1"]
[WhiteElo "1397"]
[BlackElo "1604"]
[PlyCount "54"]
[EventDate "2014.05.07"]

1. d4 Nf6 2. Nf3 g6 3. g3 Bg7 4. Bg2 O-O 5. O-O d6 6. c4 Nbd7 7. Nc3 c6 8. b3
Re8 9. Bb2 Qc7 10. Qc2 e5 11. dxe5 Nxe5 12. Rad1 Be6 13. Nxe5 dxe5 14. Rd2 Rad8
15. Rfd1 Rxd2 16. Qxd2 Re7 17. Ba3 Rd7 18. Bd6 Qd8 19. c5 Ne8 20. Ne4 Bf5 21.
Qb4 b6 22. Nc3 bxc5 23. Qxc5 Rxd6 24. Rxd6 Qxd6 25. Qxa7 Qd2 26. Bxc6 Bh3 27.
f3 Qe1# 0-1

[Event "FIDE TURNIR 2014"]
[Site "Ljubljana"]
[Date "2014.05.07"]
[Round "5.20"]
[White "Tisler, Janez"]
[Black "Drobnic, Simona"]
[Result "1/2-1/2"]
[WhiteElo "1589"]
[BlackElo "1412"]
[PlyCount "69"]
[EventDate "2014.05.07"]

1. e4 d6 2. d4 Nf6 3. Bd3 e5 4. c3 Be7 5. h3 b6 6. Nf3 Nbd7 7. O-O O-O 8. Qc2
Bb7 9. d5 c6 10. c4 Nc5 11. b4 Nxd3 12. Qxd3 c5 13. bxc5 bxc5 14. Nc3 a6 15.
Rb1 Rb8 16. Bd2 Qc7 17. Nh2 Ba8 18. Rb3 h6 19. f4 exf4 20. Rxf4 Nd7 21. Rg4 Ne5
22. Qg3 Nxg4 23. Qxg4 Kh8 24. Ne2 Rxb3 25. axb3 Qd8 26. Nf3 Bf6 27. Nf4 Bg5 28.
Nh5 g6 29. Nxg5 hxg5 30. Bxg5 f6 31. Nxf6 Rxf6 32. Qh4+ Kg7 33. Qh6+ Kg8 34.
Qh4 Kg7 35. Qh6+ 1/2-1/2

[Event "FIDE TURNIR 2014"]
[Site "Ljubljana"]
[Date "2014.05.07"]
[Round "5.21"]
[White "Marn, Jan"]
[Black "Hvala, Inja Ajda"]
[Result "1-0"]
[WhiteElo "1335"]
[BlackElo "1519"]
[PlyCount "125"]
[EventDate "2014.05.07"]

1. e4 e5 2. Bc4 Nf6 3. d3 Be7 4. Nf3 Nc6 5. Nc3 O-O 6. Bd5 d6 7. h3 Nxd5 8.
Nxd5 Be6 9. Nxe7+ Qxe7 10. O-O Rad8 11. Re1 f6 12. c4 Qf7 13. Be3 Ne7 14. Qe2
b6 15. b4 c5 16. b5 Ng6 17. a4 a5 18. bxa6 Ra8 19. a5 Rxa6 20. axb6 Rxb6 21.
Reb1 Rbb8 22. Rxb8 Rxb8 23. Ra6 Rd8 24. Qa2 Rf8 25. Rxd6 Qe7 26. Bxc5 Qc7 27.
Qa7 Qxa7 28. Bxa7 Ra8 29. Rxe6 Rxa7 30. Kf1 Nf4 31. Rb6 Ra1+ 32. Ne1 Nxd3 33.
Ke2 Nxe1 34. c5 Nc2 35. Kd2 Nd4 36. c6 Ra2+ 37. Kd3 Rc2 38. f4 Rxc6 39. Rb8+
Kf7 40. Rb7+ Ke8 41. Rxg7 Rd6 42. fxe5 fxe5 43. Rxh7 Ne6+ 44. Ke3 Rd7 45. Rh5
Nf4 46. Rxe5+ Kf7 47. Kxf4 Rd6 48. g4 Rh6 49. Rh5 Rf6+ 50. Rf5 Rxf5+ 51. exf5
Kg8 52. g5 Kf7 53. h4 Kg7 54. h5 Kg8 55. g6 Kg7 56. Kf3 Kh6 57. f6 Kxh5 58. f7
Kxg6 59. f8=Q Kg5 60. Qf7 Kh6 61. Qg8 Kh5 62. Qg7 Kh4 63. Qg4# 1-0

[Event "FIDE TURNIR 2014"]
[Site "Ljubljana"]
[Date "2014.05.07"]
[Round "5.22"]
[White "Bajt, Ales"]
[Black "Bajt, Hana"]
[Result "0-1"]
[WhiteElo "1292"]
[BlackElo "1396"]
[PlyCount "50"]
[EventDate "2014.05.07"]

1. Nf3 Nc6 2. b3 e5 3. e4 Nf6 4. Nc3 Bc5 5. h3 d6 6. Bb5 O-O 7. Bb2 Nd4 8. O-O
a6 9. Be2 b5 10. a3 Bb7 11. b4 Bb6 12. d3 a5 13. Rb1 axb4 14. axb4 Qd7 15. Re1
h6 16. Nh2 Nxe2+ 17. Qxe2 Nh7 18. Qg4 f5 19. Qg3 fxe4 20. Nxe4 Bxe4 21. Rxe4
Bxf2+ 22. Qxf2 Rxf2 23. Kxf2 Ng5 24. Re3 Rf8+ 25. Ke2 Qc6 0-1

[Event "FIDE TURNIR 2014"]
[Site "Ljubljana"]
[Date "2014.05.07"]
[Round "5.23"]
[White "Unuk, Jan"]
[Black "Groselj, Kaja"]
[Result "1-0"]
[WhiteElo "1570"]
[BlackElo "1396"]
[PlyCount "55"]
[EventDate "2014.05.07"]

1. d4 d5 2. c4 e6 3. Nc3 Nf6 4. Bg5 Be7 5. Nf3 Nc6 6. e3 Bd7 7. Bxf6 Bxf6 8.
cxd5 exd5 9. Nxd5 O-O 10. Nxf6+ Qxf6 11. Be2 Qg6 12. g3 Rfe8 13. Bd3 Qf6 14.
O-O Bg4 15. Be2 Qf5 16. Nh4 Bxe2 17. Nxf5 Bxd1 18. Rfxd1 Re6 19. d5 Rf6 20.
dxc6 Rxf5 21. cxb7 Rb8 22. Rac1 c5 23. b4 h6 24. bxc5 Rxb7 25. c6 Rc7 26. Rd7
Rxd7 27. cxd7 Rd5 28. Rc8+ 1-0

[Event "FIDE TURNIR 2014"]
[Site "Ljubljana"]
[Date "2014.05.08"]
[Round "5.24"]
[White "Hvala, Arja Ela"]
[Black "Siraj, Vita"]
[Result "0-1"]
[WhiteElo "1538"]
[BlackElo "1639"]
[PlyCount "36"]
[EventDate "2014.05.07"]

1. e4 e5 2. Nf3 Nc6 3. d4 exd4 4. Nxd4 Nf6 5. Nc3 Bb4 6. Bg5 Qe7 7. Bxf6 Qxf6
8. a3 Bc5 9. Nf3 O-O 10. Bd3 Qg6 11. O-O d6 12. Kh1 Bg4 13. Qd2 Bxf3 14. gxf3
Nd4 15. e5 Qh5 16. exd6 Nxf3 17. Qf4 Bxd6 18. Qxf3 Qxh2# 0-1

[Event "FIDE TURNIR 2014"]
[Site "Ljubljana"]
[Date "2014.05.08"]
[Round "5.25"]
[White "Siraj, Svit"]
[Black "Zupanic Leksan, Uros"]
[Result "0-1"]
[WhiteElo "1525"]
[BlackElo "1550"]
[PlyCount "43"]
[EventDate "2014.05.07"]

1. e4 e5 2. Nf3 Nc6 3. Bb5 a6 4. Bxc6 dxc6 5. Nxe5 Bc5 6. d4 Bxd4 7. Nf3 c5 8.
e5 Bxf2+ 9. Kxf2 Qxd1 10. Rxd1 Bf5 11. c3 f6 12. Re1 O-O-O 13. exf6 Nxf6 14.
Re5 Ng4+ 15. Kg3 Nxe5 16. Nxe5 Rd5 17. Nf3 Rd1 18. Bd2 Rxb1 19. Rxb1 Bxb1 20.
a3 Be4 21. Ne5 Rd8 22. Bg5 {nejasno (38)} 0-1

[Event "FIDE TURNIR 2014"]
[Site "Ljubljana"]
[Date "2014.05.07"]
[Round "5.26"]
[White "Adamic, Nejc"]
[Black "Ocepek, Jan"]
[Result "1-0"]
[WhiteElo "1500"]
[BlackElo "1342"]
[PlyCount "61"]
[EventDate "2014.05.07"]

1. e4 c5 2. Nf3 d6 3. Nc3 Nf6 4. d3 e6 5. Bg5 Be7 6. Be2 Nc6 7. O-O O-O 8. Re1
Bd7 9. d4 cxd4 10. Nxd4 a6 11. Nxc6 Bxc6 12. Bf3 h6 13. Bf4 Qd7 14. Qe2 Rfd8
15. Rad1 Qc7 16. e5 dxe5 17. Bxe5 Bxf3 18. Bxc7 Bxe2 19. Rxd8+ Rxd8 20. Bxd8
Bxd8 21. Rxe2 b6 22. Rd2 Bc7 23. f3 a5 24. Ne4 Nxe4 25. fxe4 Kf8 26. Rd7 Be5
27. b3 Bc3 28. Rb7 Ke8 29. g4 g5 30. Kg2 Bd4 31. a3 1-0

[Event "FIDE TURNIR 2014"]
[Site "Ljubljana"]
[Date "2014.05.24"]
[Round "5.27"]
[White "Zaloznik, Vesna"]
[Black "Zaloznik S., Gal"]
[Result "1/2-1/2"]
[WhiteElo "1594"]
[BlackElo "1500"]
[PlyCount "30"]
[EventDate "2014.05.07"]

1. e4 e5 2. f4 exf4 3. Nf3 g5 4. Bc4 g4 5. O-O gxf3 6. Qxf3 Qf6 7. e5 Qxe5 8.
d3 Bh6 9. Nc3 Ne7 10. Bd2 Nbc6 11. Rae1 Qf5 12. Nd5 Kd8 13. Qe2 Qe6 14. Qf3 Qf5
15. Qe2 Qf6 1/2-1/2

[Event "FIDE TURNIR 2014"]
[Site "Ljubljana"]
[Date "2014.05.07"]
[Round "5.28"]
[White "Paternoster, Janez"]
[Black "Jelen, Anja"]
[Result "1-0"]
[WhiteElo "1575"]
[BlackElo "1550"]
[PlyCount "135"]
[EventDate "2014.05.07"]

1. d4 d5 2. c4 e6 3. Nc3 c5 4. dxc5 Bxc5 5. Bf4 d4 6. Ne4 Bb4+ 7. Nd2 Nc6 8. a3
Be7 9. Ngf3 Bf6 10. Nb3 Nge7 11. g3 O-O 12. Bg2 Nf5 13. O-O Na5 14. Qd3 Nxb3
15. Qxb3 b6 16. Nd2 Bd7 17. Bxa8 Qxa8 18. Qd3 Bc8 19. Rfd1 Ba6 20. Ne4 e5 21.
Nxf6+ gxf6 22. Bd2 Ng7 23. Rac1 Qc6 24. Bh6 e4 25. Qxd4 Bb7 26. e3 Nf5 27. Qd7
Qxd7 28. Rxd7 Nxh6 29. Rxb7 Nf5 30. Rxa7 Rd8 31. Ra6 Rb8 32. c5 bxc5 33. Rxc5
Ng7 34. b4 Rd8 35. b5 Rd1+ 36. Kg2 h6 37. Ra7 Rb1 38. a4 Ne6 39. Rc6 Nd8 40.
Rc8 Rd1 41. Raa8 Kg7 42. Rxd8 Ra1 43. b6 Rb1 44. a5 Kg6 45. Rd6 Rb5 46. a6 Kf5
47. b7 Ke5 48. b8=Q Rxb8 49. Rxb8 Kxd6 50. Rb6+ Kc7 51. Rxf6 Kb8 52. Rxf7 h5
53. a7+ Ka8 54. Rf5 Kxa7 55. Rxh5 Ka8 56. Rh7 Kb8 57. Kf1 Kc8 58. Ke2 Kd8 59.
Kd2 Ke8 60. Kc3 Kf8 61. Kd4 Kg8 62. Ra7 Kf8 63. Kd5 Ke8 64. Kd6 Kf8 65. Ke6 Kg8
66. Kf6 Kh8 67. Kg6 Kg8 68. Ra8# 1-0

[Event "FIDE TURNIR 2014"]
[Site "Ljubljana"]
[Date "2014.05.14"]
[Round "6.1"]
[White "Unuk, Laura"]
[Black "Urh, Zala"]
[Result "1-0"]
[WhiteElo "2046"]
[BlackElo "1570"]
[PlyCount "67"]
[EventDate "2014.05.14"]

1. d4 Nf6 2. Nf3 g6 3. c4 Bg7 4. g3 O-O 5. Bg2 d6 6. Nc3 c5 7. O-O Na6 8. e4
Nc7 9. h3 a6 10. Be3 cxd4 11. Nxd4 Rb8 12. Qe2 Bd7 13. Rfd1 b5 14. e5 Nfe8 15.
exd6 exd6 16. cxb5 axb5 17. Nc6 Bxc6 18. Bxc6 b4 19. Ne4 Qe7 20. Qc2 f5 21. Ng5
Qf6 22. Bxe8 Nxe8 23. Qb3+ Kh8 24. Ne6 Rf7 25. Nxg7 Nxg7 26. Rd4 Rfb7 27. Rad1
Qe6 28. Qa4 Ne8 29. Bd2 b3 30. Bc3 Kg8 31. a3 Rb5 32. Bb4 R5b6 33. R4d3 d5 34.
Rxd5 1-0

[Event "FIDE TURNIR 2014"]
[Site "Ljubljana"]
[Date "2014.05.14"]
[Round "6.2"]
[White "Sketa, Mark"]
[Black "Cerkvenik, Simon"]
[Result "0-1"]
[WhiteElo "1660"]
[BlackElo "1708"]
[PlyCount "72"]
[EventDate "2014.05.14"]

1. e4 e6 2. d4 d5 3. e5 c5 4. c3 Nc6 5. Be3 Nh6 6. Nf3 Nf5 7. Bd3 Nxe3 8. fxe3
Qb6 9. b3 Bd7 10. Ng5 Be7 11. Qh5 g6 12. Qh6 Bxg5 13. Qxg5 cxd4 14. Rf1 dxc3
15. Rxf7 Qd8 16. Rf6 Qe7 17. Nxc3 O-O-O 18. Rc1 Kb8 19. Qf4 a6 20. Kd2 Ka7 21.
Rf7 Qb4 22. Qxb4 Nxb4 23. Bb1 Nc6 24. Ne2 Nxe5 25. Re7 Nc6 26. Rg7 Be8 27. Nd4
Rd7 28. Rxd7 Bxd7 29. Nxc6+ Bxc6 30. Rf1 Rd8 31. Rf7 Rd7 32. Rxd7 Bxd7 33. Kd3
e5 34. e4 dxe4+ 35. Ke3 Kb6 36. Bxe4 Bc6 0-1

[Event "FIDE TURNIR 2014"]
[Site "Ljubljana"]
[Date "2014.05.14"]
[Round "6.3"]
[White "Pridigar, Lovro"]
[Black "Bogataj, Tomaz"]
[Result "1-0"]
[WhiteElo "1660"]
[BlackElo "1697"]
[PlyCount "93"]
[EventDate "2014.05.14"]

1. d4 c6 2. Nf3 d5 3. e3 Nf6 4. Bd3 Bg4 5. Nbd2 e6 6. O-O Bd6 7. b3 Qc7 8. h3
Bh5 9. Bb2 Nbd7 10. c4 Qb8 11. Qc2 Bg6 12. e4 dxc4 13. bxc4 e5 14. c5 Bc7 15.
Nc4 exd4 16. e5 Bxd3 17. Qxd3 Nxc5 18. Qf5 Nfe4 19. Bxd4 Qc8 20. Qf4 O-O 21.
Qe3 b6 22. Rac1 Qf5 23. g4 Qe6 24. Nh4 Bd8 25. Nf5 g6 26. Ng3 Nxg3 27. Qxg3 Be7
28. f4 Rfd8 29. Rfd1 Ne4 30. Qe1 Rxd4 31. Rxd4 Bc5 32. Kh1 Bxd4 33. Qxe4 Bc5
34. Rd1 Rc8 35. f5 Qe7 36. f6 Qe6 37. Qe2 Re8 38. Qe4 b5 39. Na5 Rc8 40. Nb7
Bf8 41. Nd8 Qxa2 42. Nxc6 Qc4 43. Qxc4 bxc4 44. Ne7+ Bxe7 45. fxe7 Re8 46. Rd8
c3 47. Rxe8+ 1-0

[Event "FIDE TURNIR 2014"]
[Site "Ljubljana"]
[Date "2014.05.14"]
[Round "6.4"]
[White "Jovanovski, Vangel"]
[Black "Mlacnik, Janez"]
[Result "0-1"]
[WhiteElo "1668"]
[BlackElo "1866"]
[PlyCount "22"]
[EventDate "2014.05.14"]

1. d4 d5 2. Nf3 Nf6 3. e3 Bf5 4. c4 e6 5. Nc3 c5 6. cxd5 exd5 7. Bb5+ Nc6 8.
Ne5 Rc8 9. dxc5 Bxc5 10. O-O O-O 11. a3 Nxe5 0-1

[Event "FIDE TURNIR 2014"]
[Site "Ljubljana"]
[Date "2014.05.14"]
[Round "6.5"]
[White "Tisaj, Domen"]
[Black "Drobnic, Milan"]
[Result "0-1"]
[WhiteElo "1588"]
[BlackElo "1816"]
[PlyCount "159"]
[EventDate "2014.05.14"]

1. d4 Nf6 2. Nc3 d5 3. Bf4 c6 4. Nf3 Bg4 5. e3 e6 6. a3 Be7 7. Bd3 O-O 8. h3
Bh5 9. g4 Bg6 10. Ne5 Bxd3 11. Qxd3 Nbd7 12. Nxd7 Nxd7 13. e4 Rc8 14. O-O-O Qa5
15. h4 Rfd8 16. h5 c5 17. Qb5 Qxb5 18. Nxb5 a6 19. Nd6 Bxd6 20. Bxd6 Nf6 21.
Be7 Nxe4 22. Bxd8 Rxd8 23. Rhf1 cxd4 24. Rxd4 b5 25. f3 Nd6 26. b3 Rc8 27. Kb2
Kf8 28. a4 Ke7 29. axb5 axb5 30. Ra1 Rc7 31. Ra8 Rc8 32. Ra7+ Kf6 33. Rd7 Rc6
34. Rf4+ Kg5 35. Rfxf7 Nxf7 36. Rxf7 g6 37. Rxh7 gxh5 38. gxh5 e5 39. Rd7 d4
40. Rd5 Kf4 41. Kc1 b4 42. Kd2 Rh6 43. Rb5 Rxh5 44. Rxb4 Rh2+ 45. Kd3 Rf2 46.
Rb5 Rxf3+ 47. Ke2 Rh3 48. Rb8 Ke4 49. Rf8 Re3+ 50. Kd2 Rh3 51. Ke2 Rh2+ 52. Rf2
Rh6 53. Kd2 Rc6 54. Re2+ Kd5 55. Rh2 Rc3 56. Rh8 Rg3 57. Rd8+ Ke4 58. Rf8 Rg2+
59. Kd1 Ke3 60. Rf1 e4 61. Re1+ Kf4 62. Re2 Rg7 63. Rf2+ Ke3 64. Re2+ Kf3 65.
Kd2 Rg1 66. Re1 e3+ 67. Kd1 Rg2 68. Rf1+ Ke4 69. Re1 d3 70. cxd3+ Kxd3 71. Kc1
e2 72. Rh1 Rg3 73. Kb2 Kd2 74. Rh2 Kd1 75. Rh1+ e1=Q 76. Rxe1+ Kxe1 77. b4 Kd2
78. b5 Rg5 79. b6 Rb5+ 80. Ka3 0-1

[Event "FIDE TURNIR 2014"]
[Site "Ljubljana"]
[Date "2014.05.20"]
[Round "6.6"]
[White "Kaluza, Dominik"]
[Black "Unuk, Robert"]
[Result "0-1"]
[WhiteElo "1564"]
[BlackElo "1499"]
[PlyCount "96"]
[EventDate "2014.05.14"]

1. e4 e5 2. Nf3 Nc6 3. d4 exd4 4. Nxd4 Qh4 5. Nc3 Bb4 6. Nxc6 Qxe4+ 7. Qe2
Bxc3+ 8. bxc3 Qxe2+ 9. Bxe2 bxc6 10. Bf4 d6 11. Bf3 Ne7 12. O-O O-O 13. Rfe1
Be6 14. Bg3 Rab8 15. h3 c5 16. a3 Rfe8 17. Rab1 Kf8 18. Rb7 Rxb7 19. Bxb7 Nd5
20. Bc6 Rb8 21. c4 Ne7 22. Be4 Bxc4 23. Bxh7 g6 24. Re4 Be6 25. Bh4 Kg7 26.
Bxe7 Kxh7 27. Rh4+ Kg7 28. Bg5 c4 29. Bh6+ Kf6 30. Rf4+ Ke7 31. Bg5+ Kd7 32.
Rf3 Rb2 33. c3 Rb3 34. Kh2 Rxa3 35. Bc1 Rb3 36. Bg5 a5 37. Re3 a4 38. Re1 Rxc3
39. Ra1 a3 40. Bc1 Rc2 41. Kg1 a2 42. Ba3 d5 43. Kf1 d4 44. Bc5 d3 45. Ke1 Bd5
46. g3 Bf3 47. Be3 c3 48. Bf4 d2+ 0-1